[Event "Warsaw Najdorf Memorial op-A 22nd"]
[Site "Warsaw"]
[Date "2025.07.15"]
[Round "8"]
[White "Chmura, Eryk"]
[Black "Borischik, Sergey"]
[Result "0-1"]
[WhiteElo "2039"]
[BlackElo "2128"]
[PlyCount "132"]
[EventDate "2025.07.08"]
[EventType "swiss"]
[EventRounds "9"]
[EventCountry "POL"]
[SourceTitle "CB29_2025"]
[SourceDate "2025.07.16"]
[SourceVersion "1"]
[SourceVersionDate "2025.07.16"]
[SourceQuality "1"]

1. e4 g6 2. d4 Bg7 3. Nc3 d6 4. Be3 Nd7 5. Qd2 c6 6. Nf3 e5 7. dxe5 dxe5 8. 0-0-0 Qe7 9. h4 Ngf6 10. Bh6 Bxh6 11. Qxh6 Ng4 12. Qd2 Qc5 13. Na4 Qe7 14. Ne1 b5 15. Nc3 Nc5 16. Nd3 Nxd3+ 17. Bxd3 Be6 18. h5 0-0-0 19. f3 Nf6 20. Qg5 Bd7 21. Qe3 Kb7 22. g4 Be6 23. Qg5 Bc8 24. Qe3 Nd7 25. a4 b4 26. Ne2 Qc5 27. Qxc5 Nxc5 28. Bc4 Be6 29. Bxe6 Nxe6 30. hxg6 hxg6 31. Rxh8 Rxh8 32. Rd7+ Kb6 33. Rxf7 Rh2 34. Rf6 Nc5 35. a5+ Kxa5 36. Kd2 Kb5 37. b3 a5 38. Rxg6 a4 39. bxa4+ Nxa4 40. Ke3 Nb2 41. g5 c5 42. Rh6 Nc4+ 43. Kd3 Rf2 44. Rf6 Rf1 45. Nc3+ bxc3 46. Kxc3 Re1 47. Kb3 Re3+ 48. Ka2 Ra3+ 49. Kb1 Kb4 50. Rc6 Rxf3 51. g6 Rg3 52. Re6 Kc3 53. Rc6 Rg1+ 54. Ka2 Rg2 55. Rxc5 Rxg6 56. Kb1 Rg1+ 57. Ka2 Rc1 58. Rc7 Rxc2+ 59. Kb1 Re2 60. Ka1 Rxe4 61. Kb1 Rh4 62. Rb7 e4 63. Ka2 Rh2+ 64. Ka1 e3 65. Rb1 Rh8 66. Rc1+ Kd3 0-1

[Event "Warsaw Najdorf Memorial op-A 22nd"]
[Site "Warsaw"]
[Date "2025.07.09"]
[Round "2"]
[White "Borischik, Sergey"]
[Black "Wierzbicki, Dawid"]
[Result "0-1"]
[WhiteElo "2128"]
[BlackElo "2040"]
[PlyCount "44"]
[EventDate "2025.07.08"]
[EventType "swiss"]
[EventRounds "9"]
[EventCountry "POL"]
[SourceTitle "CB29_2025"]
[SourceDate "2025.07.16"]
[SourceVersion "1"]
[SourceVersionDate "2025.07.16"]
[SourceQuality "1"]

1. d4 Nf6 2. c4 e6 3. g3 d5 4. Bg2 Nbd7 5. Nf3 dxc4 6. Qa4 a6 7. Qxc4 b5 8. Qc2 Bb7 9. 0-0 c5 10. Nbd2 Rc8 11. Qb1 Qb6 12. e3 cxd4 13. Nxd4 Bxg2 14. Kxg2 Qb7+ 15. Kg1 Bc5 16. Ne2 Ne5 17. b4 Rd8 18. Bb2 Rxd2 19. Bxe5 Ng4 20. Nc3 Nxe5 21. Ne4 Nf3+ 22. Kh1 Ng5 0-1

[Event "Warsaw Maciei Memorial"]
[Site "Warsaw"]
[Date "2025.07.07"]
[Round "8"]
[White "Jedrusik, Adam"]
[Black "Borischik, Sergey"]
[Result "0-1"]
[WhiteElo "2025"]
[BlackElo "2128"]
[PlyCount "52"]
[EventDate "2025.07.07"]
[EventType "swiss (blitz)"]
[EventRounds "11"]
[EventCountry "POL"]
[SourceTitle "CB28_2025"]
[SourceDate "2025.07.09"]
[SourceVersion "1"]
[SourceVersionDate "2025.07.09"]
[SourceQuality "1"]

1. c4 g6 2. d4 Bg7 3. e4 d6 4. Nc3 Nd7 5. Be3 c6 6. Nge2 a6 7. c5 Ngf6 8. f3 b6 9. cxb6 Nxb6 10. Nc1 0-0 11. Be2 Be6 12. 0-0 Nc4 13. Bxc4 Bxc4 14. Re1 a5 15. Nd3 Rb8 16. Rb1 Nd7 17. h4 e5 18. dxe5 Bxd3 19. Qxd3 Nxe5 20. Qd1 Qxh4 21. Bf2 Qe7 22. Qa4 Nd3 23. Re2 Nxf2 24. Kxf2 Bxc3 25. Qxc6 Bd4+ 26. Kf1 Qh4 0-1

[Event "Wroclaw Anderssen Memorial op"]
[Site "Wroclaw"]
[Date "2024.08.15"]
[Round "5"]
[White "Rozentalis, Eduardas"]
[Black "Borischik, Sergey"]
[Result "1/2-1/2"]
[WhiteElo "2513"]
[BlackElo "1928"]
[PlyCount "39"]
[EventDate "2024.08.15"]
[EventType "swiss (blitz)"]
[EventRounds "9"]
[EventCountry "POL"]
[SourceTitle "CBM 221 Extra"]
[Source "ChessBase"]
[SourceDate "2024.09.30"]
[SourceVersion "1"]
[SourceVersionDate "2024.09.30"]
[SourceQuality "1"]

1. e4 g6 2. d4 Bg7 3. Nf3 d6 4. Nc3 c6 5. Be2 Nd7 6. 0-0 e5 7. Be3 Ngf6 8. h3 0-0 9. dxe5 dxe5 10. a4 Qe7 11. a5 Nc5 12. Bd3 Rd8 13. Qe2 Nxd3 14. cxd3 Nh5 15. Rfd1 Be6 16. Ra3 Qb4 17. Na2 Qb5 18. Nc3 Qb4 19. Na2 Qb5 20. Nc3 1/2-1/2

[Event "Wroclaw op-B"]
[Site "Wroclaw"]
[Date "2024.08.13"]
[Round "8"]
[White "Kiolbasa, Damian"]
[Black "Borischik, Sergey"]
[Result "0-1"]
[WhiteElo "1984"]
[BlackElo "1928"]
[PlyCount "112"]
[EventDate "2024.08.08"]
[EventType "swiss"]
[EventRounds "9"]
[EventCountry "POL"]
[SourceTitle "EXT 2025"]
[Source "ChessBase"]
[SourceDate "2024.10.14"]
[SourceVersion "1"]
[SourceVersionDate "2024.10.14"]
[SourceQuality "1"]

1. d4 Nf6 2. c4 g6 3. Nc3 Bg7 4. e4 d6 5. Nge2 0-0 6. Ng3 c5 7. d5 e6 8. Be2 exd5 9. cxd5 Na6 10. 0-0 Re8 11. Bg5 h6 12. Be3 Nc7 13. a4 b6 14. Qd2 Kh7 15. Qc2 a6 16. Rab1 Ng4 17. Bxg4 Bxg4 18. b4 Bd7 19. Nce2 h5 20. Rfd1 h4 21. Nf1 h3 22. Neg3 hxg2 23. Kxg2 Qh4 24. f3 Rab8 25. a5 Nb5 26. Rd3 cxb4 27. Rxb4 bxa5 28. Rc4 Na3 29. Rxa3 Rb2 30. Rxa5 Rxc2+ 31. Rxc2 Qh3+ 32. Kg1 Bb5 33. Nd2 Rc8 34. Raa2 Bd3 35. Rxc8 Qxc8 36. f4 Qc3 37. Kf2 Qb4 38. Nf3 Bb2 39. Bd2 Qb6+ 40. Kg2 Qb3 41. Ra5 f6 42. e5 fxe5 43. fxe5 Bxe5 44. Nxe5 dxe5 45. Kf2 Bb5 46. d6 Qd5 47. Be3 Qxd6 48. Ra1 Qf6+ 49. Kg1 Qf3 50. Re1 a5 51. Bb6 Bc6 52. Re2 a4 53. Rf2 Qb3 54. Bc7 Qd5 55. Re2 Qc5+ 56. Rf2 a3 0-1

[Event "Wroclaw op-B"]
[Site "Wroclaw"]
[Date "2024.08.12"]
[Round "6"]
[White "Borischik, Sergey"]
[Black "Zelak, Wladyslaw"]
[Result "1-0"]
[WhiteElo "1928"]
[BlackElo "1883"]
[PlyCount "43"]
[EventDate "2024.08.08"]
[EventType "swiss"]
[EventRounds "9"]
[EventCountry "POL"]
[SourceTitle "EXT 2025"]
[Source "ChessBase"]
[SourceDate "2024.10.14"]
[SourceVersion "1"]
[SourceVersionDate "2024.10.14"]
[SourceQuality "1"]

1. Nf3 d5 2. g3 Nf6 3. Bg2 c5 4. 0-0 Nc6 5. d3 e5 6. e4 d4 7. a4 Be7 8. Na3 0-0 9. Nc4 Qc7 10. Ne1 Na5 11. f4 Nxc4 12. dxc4 Bg4 13. Qd2 exf4 14. gxf4 Qd7 15. Nd3 Bh3 16. f5 Nxe4 17. Bxe4 Bxf1 18. Kxf1 Rfe8 19. Qg2 Rab8 20. Bh6 g6 21. fxg6 Bf8 22. gxh7+ 1-0

[Event "BLR-ch U18"]
[Site "Rogachev"]
[Date "2024.02.05"]
[Round "3"]
[White "Borischik, Sergey"]
[Black "Siniauski, Artsiom"]
[Result "0-1"]
[WhiteElo "1934"]
[BlackElo "2197"]
[PlyCount "98"]
[EventDate "2024.02.03"]
[EventType "swiss"]
[EventRounds "9"]
[EventCountry "BLR"]
[SourceTitle "EXT 2025"]
[Source "ChessBase"]
[SourceDate "2024.10.14"]
[SourceVersion "1"]
[SourceVersionDate "2024.10.14"]
[SourceQuality "1"]

1. Nf3 Nf6 2. g3 g6 3. Bg2 Bg7 4. 0-0 0-0 5. d3 d5 6. Nbd2 c5 7. e4 e6 8. Re1 Nc6 9. c3 a5 10. e5 Ng4 11. d4 cxd4 12. cxd4 f6 13. h3 Nxf2 14. Kxf2 fxe5 15. Kg1 exd4 16. Nb3 e5 17. Bg5 Qb6 18. Rc1 e4 19. Nfxd4 Bxd4+ 20. Nxd4 Qxd4+ 21. Qxd4 Nxd4 22. Rcd1 Nf3+ 23. Bxf3 Rxf3 24. Re3 Rxe3 25. Bxe3 Be6 26. h4 Rc8 27. Kf2 Kf7 28. Bd4 Bg4 29. Rd2 Ke6 30. Ke3 Rc1 31. Bc3 a4 32. a3 Bd1 33. Rf2 Bb3 34. Rf6+ Ke7 35. Rb6 Rd1 36. Rxb7+ Kd6 37. Rxh7 Rd3+ 38. Kf4 Rf3+ 39. Kg5 e3 40. Rh8 Bc2 41. Rd8+ Kc6 42. Bb4 Be4 43. Rf8 Rxg3+ 44. Kf4 Rh3 45. Rc8+ Kb7 46. Rc3 d4 47. Rc4 d3 48. Rxe4 d2 49. Rd4 Rxh4+ 0-1